Statystyki dla Odgadnij stan według jego powierzchni

Kliknij tutaj aby rozwiązać quiz!

Ogólne statystyki

  • Ten quiz został rozwiązany 8 razy
  • Średni wynik to 11 z 50

Statystyki odpowiedzi

Powierzchnia w km2Odpowiedź% Poprawnych
1 650 000Alaska
86%
395 000Kalifornia
57%
700 000Teksas
57%
265 000Kolorado
43%
3 100Rhode Island
43%
300 000Arizona
29%
14 150Connecticut
29%
6 500Delaware
29%
28 000Hawaje
29%
20 000Massachusetts
29%
380 000Montana
29%
280 000Nevada
29%
24 000New Hampshire
29%
22 000New Jersey
29%
315 000Nowy Meksyk
29%
255 000Oregon
29%
25 000Vermont
29%
253 000Wyoming
29%
134 000Alabama
14%
137 100Arkansas
14%
184 000Dakota Północna
14%
200 000Dakota Południowa
14%
155 000Floryda
14%
150 000Georgia
14%
92 000Indiana
14%
145 000Iowa
14%
213 000Kansas
14%
135 000Karolina Północna
14%
80 000Karolina Południowa
14%
103 000Kentucky
14%
130 000Luizjana
14%
80 000Maine
14%
30 000Maryland
14%
250 000Michigan
14%
225 000Minnesota
14%
125 000Missisipi
14%
180 000Missouri
14%
195 000Nebraska
14%
140 000Nowy Jork
14%
115 000Ohio
14%
180 000Oklahoma
14%
120 000Pensylwania
14%
110 000Tennessee
14%
220 000Utah
14%
185 000Waszyngton
14%
62 000Wirginia Zachodnia
14%
170 000Wisconsin
14%
205 000Idaho
0%
150 000Illinois
0%
110 000Wirginia
0%

Rozkład punktacji

Percentyl według liczby udzielonych odpowiedzi

Procent ludzi z każdym wynikiem

Twoja historia wyników

Nie rozwiązałeś tego quizu